000
00324nam a2200133Ia 4500
008
231129s1983||||xx |||||||||||||| ||spa||
020
_a
68-24-1116-5
040
_b
spa
082
_a
633.18 A778a
245
0
_a
Arroz
260
_c
1983
264
_a
México : Trillas
942
_2
ddc
_c
BKS
999
_c
5610
_d
5610